College Quizbowl Stats
College Quizbowl Stats
Circuits
Seasons
Sets
Records
Detailed Stats
About
Loading...
2023 ARCADIA at Ohio State
Tossups
Bonuses
Players
Teams
Categories (Tossup)
Categories (Bonus)
Subha
Michigan A
Categories
Category
Powers
Gets
Negs
BBs
Points
Earliest Buzz
Avg. Buzz
First Buzzes
Top 3 Buzzes
BPA
PVF
British and Commonwealth History
0
1
0
1
10
124
124.00
1
1
0.00
0.00
Other Academic
0
1
0
0
10
93
93.00
1
1
0.00
0.00
Science - Chemistry
0
0
0
0
0
0.00
0
0
0.00
0.00
History - American
0
0
1
0
-5
0.00
0
0
0.00
0.00
Buzzes
Category
Answer
Value
Buzz Position
History - American
Georgia
-5
46
Other Academic
refugee camps
10
93
Science - Chemistry
silicon
0
123
British and Commonwealth History
Desmond Tutu
10
124
Previous
1
Next